000 00583nam a2200193Ia 4500
005 20250508162712.0
008 008 250505s9999 xx 000 0 eng d
037 _aTextual
040 _aFEDL
_beng
_cFEDL
041 _aeng
_2eng
084 _a371.3, NCE
_qFEDL
245 0 _aPlay - way activities in grades I and II
245 0 _cNCERT (New Delhi India)
260 _aNew Delhi, India
_bNational Council of Educational Research and Training
_c1978
300 _a86p
650 _aTeaching Technique
942 _cTEXL
_h371.3, NCE
999 _c1378150
_d1378150